| 000 | 02800nam0a2200445 4500 | ||
|---|---|---|---|
| 001 | RU\NLR\BIBL_A\011692181 | ||
| 005 | 20250630160033.0 | ||
| 020 |
_aRU _b13682 _9Сводный каталог листовок первых лет Советской власти (25 октября (7 ноября) 1917 - 1925) Т.5. Листовки советских, партийных, профсоюзных, комсомольских и других организаций краев РСФСР. Ч.1 |
||
| 035 | _a(NLR Aleph) 011692181 | ||
| 090 |
_a11344625 _c11344625 |
||
| 100 | _a20180504d1921 |||y0rusy50 ca | ||
| 101 | 0 | _arus | |
| 102 | _aRU | ||
| 105 | _ay z 000zy | ||
| 135 | _acrcn 024apada | ||
| 200 | 1 |
_aПриказ по г. Сочи и его окрестностям по части административной, 30 мая 1921 г., г. Сочи: [О сдаче оружия и огнеприпасов учреждениями и частными лицами _eлистовка _fСочинский гор. комиссариат по военным делам] |
|
| 210 |
_a[Сочи _cб. и. _d1921, май] |
||
| 215 |
_a1 с. _d23х14 |
||
| 300 | _aПодписи: военком Карнаухов; за военрука Петров; начадмотделения Яблочкин | ||
| 325 | 1 | _aКопия доступна в Электронной библиотеке РНБ | |
| 517 | 1 | _aО сдаче оружия и огнеприпасов учреждениями и частными лицами | |
| 607 |
_aРСФСР _jЛистовки _xПолитика и управление _y1917 - 1925 _92312782 _3RU\NLR\auth\6601609564 |
||
| 686 | 0 | _aТ3(2)71-313,011 | |
| 686 | 1 | _aЦ35(2)712,011 | |
| 702 | 1 |
_4720 _aКарнаухов _cучастник установления советской власти, г. Сочи _9199786 _3RU\NLR\AUTH\770199837 |
|
| 702 | 1 |
_4720 _7ca _8rus _aПетров _bП. _cучастник местного управления, г.Сочи _9199783 _3RU\NLR\AUTH\770199834 |
|
| 702 | 1 |
_aЯблочкин _cучастник местного управления, г.Сочи _4720 |
|
| 710 | 0 | 2 |
_aСочинский районный комиссариат по военным делам _9620333 _3RU\NLR\AUTH\880479793 |
| 852 | 0 | 0 |
_aNLR _bФЛ _j38/533 |
| 856 | 0 | _uhttps://vivaldi.nlr.ru/ll700003140/view | |
| 856 | 1 | _uhttps://vivaldi.nlr.ru/ll700003140/cover | |
| 856 | 2 | _uhttps://vivaldi.nlr.ru/ll700003140/text | |
| 942 | _cBOOK | ||
| 980 | _aNB | ||
| 981 | 2 | 1 |
_a(21) Листовки _b(21) Листовки 1921 года |